|
|
|
|
| LEADER |
01710nam a2200493 a 4500 |
| 001 |
nkc20061660071 |
| 003 |
CZ PrNK |
| 005 |
20060911164828.0 |
| 007 |
ta |
| 008 |
060616s2006 xr a e f 001 0 cze |
| 015 |
|
|
|a cnb001660071
|
| 020 |
|
|
|a 80-251-1020-6
|q (brož.) :
|c Kč 490,00
|
| 035 |
|
|
|a (OCoLC)85551585
|
| 040 |
|
|
|a BOA001
|b cze
|d ABA001
|
| 041 |
1 |
|
|a cze
|h eng
|
| 072 |
|
7 |
|a 004.4/.6
|x Programování. Software
|2 Konspekt
|9 23
|
| 080 |
|
|
|a 004.42Postfix
|2 MRF
|
| 080 |
|
|
|a 004.9:004.773.3
|2 MRF
|
| 080 |
|
|
|a 004.773.3
|2 MRF
|
| 080 |
|
|
|a (035)
|2 MRF
|
| 100 |
1 |
|
|a Hildebrandt, Ralf
|7 mzk2006343158
|4 aut
|
| 245 |
1 |
0 |
|a Postfix :
|b provozujeme poštovní server v Linuxu /
|c Ralf Hildebrandt, Patrick Koetter
|
| 250 |
|
|
|a Vyd. 1.
|
| 260 |
|
|
|a Brno :
|b Computer Press,
|c 2006
|
| 300 |
|
|
|a 431 s. :
|b il. ;
|c 23 cm
|
| 500 |
|
|
|a Přeloženo z angličtiny
|
| 500 |
|
|
|a Obsahuje rejstřík
|
| 500 |
|
|
|a Terminologický slovník
|
| 650 |
0 |
7 |
|a Postfix (software)
|7 ph290649
|2 czenas
|
| 650 |
0 |
7 |
|a poštovní software
|7 ph290650
|2 czenas
|
| 650 |
0 |
7 |
|a elektronická pošta
|7 ph114447
|2 czenas
|
| 650 |
0 |
9 |
|a Postfix
|2 eczenas
|
| 650 |
0 |
9 |
|a e-mail software
|2 eczenas
|
| 650 |
0 |
9 |
|a e-mail
|2 eczenas
|
| 655 |
|
7 |
|a příručky
|7 fd133209
|2 czenas
|
| 655 |
|
9 |
|a handbooks and manuals
|2 eczenas
|
| 700 |
1 |
|
|a Koetter, Patrick
|7 mzk2006343159
|4 aut
|
| 765 |
0 |
|
|t Book of Postfix
|9 Česky
|
| 910 |
2 |
|
|a BOA001
|b 2-1170.855
|
| 990 |
|
|
|a BK
|
| 995 |
|
|
|a 01
|
| 991 |
|
|
|b 200607
|c NOV
|
| 996 |
6 |
|
|b 2610283685
|c 2-1170.855
|l MZK
|r Sklad / do 1 hodiny
|n 1
|p p.v.
|w 000819848
|u 000010
|a 1
|e BOA001
|j MZK50
|s P
|
| 996 |
7 |
|
|b 2610283686
|c 2-1170.855
|l MZK
|r Sklad / do 1 hodiny
|n 30
|p p.v.
|w 000819848
|u 000020
|a 1
|e BOA001
|j MZK50
|s A
|